El metodo de la ruta crítica en la programación de un edificio
Guardat en:
| Autor principal: | |
|---|---|
| Format: | Desconegut |
| Publicat: |
[San José, Costa Rica]
1975
|
| Matèries: | |
| Etiquetes: |
Afegir etiqueta
Sense etiquetes, Sigues el primer a etiquetar aquest registre!
|
MARC
| LEADER | 00000 a2200000 4500 | ||
|---|---|---|---|
| 003 | 011507 | ||
| 005 | 20221231143822.0 | ||
| 008 | 140114s1975 c a m 000 ||s d | ||
| 040 | |c cru CEDI | ||
| 090 | |a TFG 589 | ||
| 100 | |a Huete Rivera, Axel B |9 16811 | ||
| 245 | |a El metodo de la ruta crítica en la programación de un edificio | ||
| 260 | |c 1975 |a [San José, Costa Rica] | ||
| 300 | |a 63 hojas : cuadros, gráficos (plegables), planos | ||
| 500 | |a Tesis (Ingeniero Civil)--Universidad de Costa Rica. | ||
| 650 | |x CONSTRUCCION |x ANALISIS DE RUTA CRITICA |9 12572 | ||
| 942 | |c TFG | ||
| 999 | |c 12461 |d 12461 | ||
